[Event "MSR2018s4"]
[Site "?"]
[Date "2018.04.27"]
[Round "9.12"]
[White "Szczygel, Viktor"]
[Black "Kulich, Filip"]
[Result "0-1"]
[BlackElo "1000"]
[WhiteElo "1000"]
[LiveChessVersion "1.4.8"]

1. e4 {[%clk 1:30:45]} e5 {[%clk 1:20:56]} 2. Nf3 {[%clk 1:30:58]} Nc6
{[%clk 1:21:18]} 3. Nc3 {[%clk 1:31:06]} Bc5 {[%clk 1:21:38]} 4. Bc4
{[%clk 1:31:07]} Nf6 {[%clk 1:21:47]} 5. d3 {[%clk 1:30:47]} O-O {[%clk 1:21:47]}
6. O-O {[%clk 1:31:05]} d6 {[%clk 1:21:53]} 7. h3 {[%clk 1:31:19]} Bd7
{[%clk 1:15:38]} 8. Bg5 {[%clk 1:30:59]} h6 {[%clk 1:14:52]} 9. Bh4
{[%clk 1:30:58]} Re8 {[%clk 1:12:32]} 10. Nd5 {[%clk 1:29:27]} Rc8
{[%clk 1:10:19]} 11. Re1 {[%clk 1:27:12]} Nd4 12. Rc1 {[%clk 1:25:27]} c6
{[%clk 1:06:15]} 13. Nc3 {[%clk 1:24:16]} Nxf3+ {[%clk 1:04:52]} 14. Qxf3
{[%clk 1:24:19]} b5 {[%clk 1:04:26]} 15. Bb3 {[%clk 1:23:32]} a5 {[%clk 1:04:17]}
16. a3 {[%clk 1:23:41]} a4 {[%clk 1:02:31]} 17. Ba2 {[%clk 1:22:25]} d5
{[%clk 1:02:24]} 18. exd5 {[%clk 1:19:23]} cxd5 19. Nxd5 {[%clk 1:17:54]} Bc6
{[%clk 1:00:30]} 20. c4 {[%clk 1:15:47]} bxc4 {[%clk 1:00:42]} 21. dxc4
{[%clk 1:14:46]} Bxd5 {[%clk 1:01:04]} 22. cxd5 {[%clk 1:13:23]} Rb8
{[%clk 0:54:33]} 23. Rb1 {[%clk 1:12:06]} g5 {[%clk 0:53:33]} 24. Bg3
{[%clk 1:11:09]} e4 {[%clk 0:53:24]} 25. Qf5 {[%clk 1:10:03]} Qe7
{[%clk 0:52:09]} 26. Bxb8 {[%clk 1:08:32]} Rxb8 {[%clk 0:52:10]} 27. Red1
{[%clk 1:07:17]} e3 {[%clk 0:53:18]} 28. f3 {[%clk 1:05:31]} e2+ {[%clk 0:53:29]}
29. Kh2 {[%clk 1:00:09]} exd1=Q {[%clk 0:52:57]} 30. Rxd1 {[%clk 0:59:36]} Bd6+
{[%clk 0:53:21]} 31. Kg1 {[%clk 0:57:04]} Qe3+ {[%clk 0:53:18]} 32. Kf1
{[%clk 0:56:24]} Bc5 {[%clk 0:53:31]} 33. Qc2 {[%clk 0:54:43]} Bd4
{[%clk 0:52:23]} 34. Rd2 {[%clk 0:53:02]} Rxb2 {[%clk 0:52:10]} 35. Qc8+
{[%clk 0:50:06]} Kg7 {[%clk 0:52:26]} 36. Rxb2 {[%clk 0:48:18]} Bxb2
{[%clk 0:52:16]} 37. d6 {[%clk 0:47:33]} Bd4 {[%clk 0:52:32]} 38. Qc2
{[%clk 0:46:03]} Qg1+ {[%clk 0:52:44]} 39. Ke2 {[%clk 0:44:45]} Qf2+
{[%clk 0:52:28]} 40. Kd3 {[%clk 0:44:50]} Qe3+ 41. Kc4 Nd7 {[%clk 0:49:24]} 42.
Kb5 {[%clk 0:41:12]} Qe5+ {[%clk 0:49:29]} 43. Kc6 {[%clk 0:36:51]} Nb8+
{[%clk 0:47:31]} 44. Kc7 {[%clk 0:34:52]} Na6+ {[%clk 0:47:39]} 45. Kc6
{[%clk 0:31:46]} Bb2 {[%clk 0:47:29]} 46. Qc4 {[%clk 0:31:26]} Nb8+
{[%clk 0:47:13]} 47. Kb7 {[%clk 0:30:23]} Qe8 {[%clk 0:46:21]} 48. Qd5
{[%clk 0:27:36]} Nd7 {[%clk 0:44:37]} 49. Kc6 {[%clk 0:24:55]} Nf6+
{[%clk 0:45:04]} 50. Kc5 Nxd5 {[%clk 0:44:04]} 51. Kxd5 Qe6+ 52. Kc6
{[%clk 0:22:02]} Qxa2 {[%clk 0:44:10]} 53. d7 {[%clk 0:21:59]} Bf6
{[%clk 0:44:31]} 54. Kc7 {[%clk 0:19:26]} Qc4+ {[%clk 0:44:31]} 55. Kd6
{[%clk 0:19:23]} Qd4+ {[%clk 0:44:38]} 56. Kc7 {[%clk 0:19:08]} Qc5+
{[%clk 0:45:00]} 57. Kb8 {[%clk 0:17:27]} Be5+ {[%clk 0:45:08]} 58. Kb7
{[%clk 0:15:40]} Qc7+ {[%clk 0:45:16]} 59. Ka8 {[%clk 0:14:53]} Qb8# 0-1

[Event "MSR2018s4"]
[Site "?"]
[Date "2018.04.27"]
[Round "9.13"]
[White "Filipiak, Magdalena"]
[Black "Sosovickova, Martina"]
[Result "1/2-1/2"]
[BlackElo "1169"]
[WhiteElo "1186"]
[LiveChessVersion "1.4.8"]

1. d4 {[%clk 1:30:56]} d5 {[%clk 1:30:51]} 2. e3 {[%clk 1:31:07]} Nf6
{[%clk 1:30:35]} 3. Bd3 {[%clk 1:30:20]} e6 {[%clk 1:30:06]} 4. c3
{[%clk 1:30:14]} Bd6 {[%clk 1:29:25]} 5. Nf3 {[%clk 1:29:11]} O-O
{[%clk 1:29:03]} 6. O-O {[%clk 1:29:16]} Nc6 {[%clk 1:27:26]} 7. Nbd2
{[%clk 1:29:10]} Bd7 {[%clk 1:25:23]} 8. Qe2 {[%clk 1:29:23]} Re8
{[%clk 1:23:20]} 9. e4 {[%clk 1:29:43]} dxe4 {[%clk 1:23:24]} 10. Nxe4
{[%clk 1:29:56]} Be7 {[%clk 1:21:52]} 11. Nfg5 {[%clk 1:16:51]} h6
{[%clk 1:20:30]} 12. Nxf6+ {[%clk 1:13:01]} Bxf6 {[%clk 1:20:35]} 13. Ne4
{[%clk 1:11:37]} Qe7 {[%clk 1:17:11]} 14. Qh5 {[%clk 1:10:45]} e5
{[%clk 1:08:29]} 15. d5 {[%clk 0:59:01]} Nd8 {[%clk 1:08:43]} 16. g4
{[%clk 0:58:20]} g6 {[%clk 1:03:22]} 17. Qxh6 {[%clk 0:55:11]} Bg7
{[%clk 1:03:03]} 18. Qg5 {[%clk 0:52:30]} Qxg5 {[%clk 1:02:46]} 19. Bxg5
{[%clk 0:51:29]} Bxg4 {[%clk 1:02:05]} 20. Nf6+ {[%clk 0:50:49]} Bxf6
{[%clk 1:02:23]} 21. Bxf6 {[%clk 0:51:05]} c6 {[%clk 1:00:55]} 22. Rae1
{[%clk 0:44:39]} Bh3 {[%clk 1:00:32]} 23. Rxe5 {[%clk 0:43:29]} Rxe5
{[%clk 1:00:50]} 24. Bxe5 {[%clk 0:43:42]} Bxf1 {[%clk 1:01:13]} 25. Kxf1
{[%clk 0:43:50]} cxd5 {[%clk 1:01:35]} 26. Be2 {[%clk 0:41:04]} Nc6
{[%clk 1:01:04]} 27. Bg3 {[%clk 0:41:05]} Rd8 {[%clk 1:00:17]} 28. Bf3
{[%clk 0:40:17]} d4 {[%clk 1:00:33]} 29. cxd4 {[%clk 0:39:59]} Rxd4
{[%clk 1:00:53]} 30. Bxc6 {[%clk 0:39:47]} bxc6 {[%clk 1:01:04]} 31. Ke2
{[%clk 0:40:05]} Rd5 {[%clk 1:00:22]} 32. Bf4 {[%clk 0:36:35]} a5
{[%clk 0:57:08]} 33. b3 {[%clk 0:36:24]} a4 {[%clk 0:56:36]} 34. b4
{[%clk 0:32:11]} Rd4 {[%clk 0:56:50]} 35. Bd2 {[%clk 0:30:55]} Rh4
{[%clk 0:57:09]} 36. Kd3 {[%clk 0:30:41]} Rxh2 {[%clk 0:57:26]} 37. Be3
{[%clk 0:30:34]} Rh1 {[%clk 0:57:04]} 38. Kc3 {[%clk 0:30:35]} Kf8
{[%clk 0:55:19]} 39. Kb2 {[%clk 0:30:37]} Ke8 {[%clk 0:55:09]} 1/2-1/2

[Event "MSR2018s4"]
[Site "?"]
[Date "2018.04.27"]
[Round "9.14"]
[White "Novomeska, Karin"]
[Black "Hudakova, Nina"]
[Result "1-0"]
[BlackElo "1106"]
[WhiteElo "1217"]
[LiveChessVersion "1.4.8"]

1. d4 {[%clk 1:30:58]} d5 {[%clk 1:30:08]} 2. e3 {[%clk 1:31:24]} Bf5
{[%clk 1:29:02]} 3. c4 {[%clk 1:31:36]} Nf6 {[%clk 1:27:42]} 4. Qb3
{[%clk 1:20:09]} b6 {[%clk 1:24:03]} 5. Nc3 {[%clk 1:17:39]} e6 {[%clk 1:21:57]}
6. Nf3 {[%clk 1:15:14]} Bd6 {[%clk 1:21:19]} 7. Ne5 {[%clk 1:12:12]} O-O
{[%clk 1:16:33]} 8. Bd2 {[%clk 1:10:11]} Ng4 {[%clk 1:10:14]} 9. Nxg4
{[%clk 1:08:58]} Bxg4 {[%clk 1:10:00]} 10. cxd5 {[%clk 1:07:30]} exd5
{[%clk 1:09:08]} 11. Qxd5 {[%clk 1:05:45]} Nd7 {[%clk 1:07:28]} 12. Ne4
{[%clk 1:03:32]} Be6 {[%clk 1:04:05]} 13. Qc6 Nf6 {[%clk 0:58:27]} 14. Bd3
{[%clk 0:58:23]} Bd5 {[%clk 0:55:59]} 15. Nxf6+ {[%clk 0:58:39]} Qxf6
{[%clk 0:55:39]} 16. Qxd5 {[%clk 0:58:46]} h6 {[%clk 0:50:23]} 17. Qe4
{[%clk 0:57:10]} Rfe8 {[%clk 0:46:17]} 18. Qf5 {[%clk 0:56:43]} Qd8
{[%clk 0:43:02]} 19. O-O {[%clk 0:56:32]} Re6 {[%clk 0:39:22]} 20. Qh7+
{[%clk 0:56:22]} Kf8 {[%clk 0:38:52]} 21. Qh8+ {[%clk 0:56:28]} Ke7
{[%clk 0:39:04]} 22. Qxg7 {[%clk 0:55:53]} Rf6 {[%clk 0:37:18]} 23. e4
{[%clk 0:55:33]} Rg6 {[%clk 0:36:42]} 24. Qh7 {[%clk 0:55:32]} Qg8
{[%clk 0:36:27]} 25. Qxg8 {[%clk 0:55:57]} Raxg8 {[%clk 0:36:41]} 26. g3
{[%clk 0:56:05]} h5 {[%clk 0:36:22]} 27. e5 {[%clk 0:56:29]} Rg4 {[%clk 0:35:20]}
28. exd6+ {[%clk 0:56:55]} cxd6 {[%clk 0:35:43]} 29. Rfe1+ {[%clk 0:57:18]} Kd8
{[%clk 0:35:44]} 30. Rac1 {[%clk 0:57:15]} h4 {[%clk 0:35:52]} 31. Bf5
{[%clk 0:57:38]} R4g7 {[%clk 0:35:15]} 32. Rc8# 1-0

[Event "MSR2018s4"]
[Site "?"]
[Date "2018.04.27"]
[Round "9.15"]
[White "Horvathova, Hana"]
[Black "Obrocnikova, Barbora"]
[Result "1/2-1/2"]
[BlackElo "1181"]
[WhiteElo "1467"]
[LiveChessVersion "1.4.8"]

1. e4 e5 2. Nf3 {[%clk 1:30:03]} Nc6 {[%clk 1:30:27]} 3. Bc4 {[%clk 1:30:21]} Bc5
{[%clk 1:30:30]} 4. d3 {[%clk 1:23:34]} Nf6 {[%clk 1:28:57]} 5. c3
{[%clk 1:22:32]} d5 {[%clk 1:27:55]} 6. Bb5 {[%clk 1:15:57]} dxe4
{[%clk 1:27:17]} 7. Nxe5 {[%clk 1:06:58]} O-O {[%clk 1:25:25]} 8. Nxc6 bxc6 9.
Bc4 {[%clk 1:05:22]} exd3 {[%clk 1:25:11]} 10. O-O {[%clk 0:56:33]} Ng4
{[%clk 1:21:46]} 11. Qxd3 Qh4 12. Qg3 {[%clk 0:48:48]} Qxg3 {[%clk 1:21:36]} 13.
hxg3 {[%clk 0:48:49]} Re8 {[%clk 1:21:16]} 14. Bd2 {[%clk 0:46:30]} Bf5
{[%clk 1:17:59]} 15. Na3 {[%clk 0:42:38]} Rad8 {[%clk 1:16:36]} 16. Rad1
{[%clk 0:40:19]} Nxf2 {[%clk 1:16:43]} 17. Rxf2 {[%clk 0:39:57]} Re7
{[%clk 1:08:30]} 18. Kf1 Bxf2 19. Kxf2 Bg4 20. Bg5 {[%clk 0:31:18]} Rxd1
{[%clk 1:08:26]} 21. Bxe7 {[%clk 0:31:18]} Rd2+ {[%clk 1:08:15]} 22. Ke3
{[%clk 0:31:15]} Rxg2 {[%clk 1:08:08]} 23. Kf4 {[%clk 0:30:59]} Bd7
{[%clk 1:07:42]} 24. b4 {[%clk 0:30:52]} h6 {[%clk 1:07:23]} 25. Kf3
{[%clk 0:30:48]} Rh2 {[%clk 1:07:03]} 26. Bh4 {[%clk 0:30:50]} g5
{[%clk 1:07:02]} 27. Bxg5 {[%clk 0:30:03]} hxg5 {[%clk 1:07:22]} 28. Bb3
{[%clk 0:29:24]} Kg7 {[%clk 1:07:11]} 29. Nc4 Be6 30. Ne5 Bxb3 31. axb3
{[%clk 0:27:43]} f5 {[%clk 1:07:12]} 32. Nxc6 {[%clk 0:27:48]} a6
{[%clk 1:07:13]} 33. Nd4 Kg6 34. Ne6 {[%clk 0:27:14]} Rb2 {[%clk 1:06:56]} 35.
Nxc7 {[%clk 0:27:10]} Rxb3 {[%clk 1:07:09]} 36. Nxa6 {[%clk 0:27:18]} Rxc3+
{[%clk 1:07:13]} 37. Kf2 {[%clk 0:27:24]} f4 {[%clk 1:06:47]} 38. gxf4
{[%clk 0:27:23]} gxf4 {[%clk 1:07:07]} 39. b5 {[%clk 0:27:30]} Kg5
{[%clk 1:05:08]} 40. Kg2 Kg4 41. Kf2 f3 42. b6 Rb3 43. Nc5 {[%clk 0:18:58]} Rxb6
{[%clk 1:04:07]} 44. Nd3 {[%clk 0:19:06]} Rh6 {[%clk 1:03:12]} 45. Ne5+
{[%clk 0:19:24]} Kf4 {[%clk 1:03:15]} 46. Nxf3 {[%clk 0:19:34]} Rh3
{[%clk 1:02:26]} 47. Ng1 {[%clk 0:19:47]} Rh2+ {[%clk 1:02:34]} 48. Ke1
{[%clk 0:17:20]} Ke3 {[%clk 1:02:20]} 49. Kf1 {[%clk 0:17:34]} Rf2+
{[%clk 1:02:20]} 50. Ke1 {[%clk 0:17:31]} Rc2 {[%clk 1:02:01]} 51. Kf1
{[%clk 0:17:41]} Kf4 {[%clk 1:01:47]} 52. Ne2+ {[%clk 0:17:02]} Ke3
{[%clk 0:59:34]} 53. Ng1 {[%clk 0:16:23]} Rc1+ {[%clk 0:59:11]} 54. Kg2
{[%clk 0:16:07]} Kf4 {[%clk 0:58:12]} 55. Ne2+ {[%clk 0:16:18]} Ke3
{[%clk 0:58:09]} 56. Nxc1 1/2-1/2

[Event "MSR2018s4"]
[Site "?"]
[Date "2018.04.27"]
[Round "9.16"]
[White "Holestiakova, Nina"]
[Black "Sekova, Olivia"]
[Result "1-0"]
[BlackElo "1043"]
[WhiteElo "1039"]
[LiveChessVersion "1.4.8"]

1. e4 {[%clk 1:30:57]} e5 {[%clk 1:30:17]} 2. Nf3 {[%clk 1:31:12]} Nf6
{[%clk 1:29:46]} 3. Nc3 {[%clk 1:31:00]} Nc6 {[%clk 1:29:27]} 4. Bc4
{[%clk 1:28:52]} Nxe4 {[%clk 1:27:25]} 5. Nxe4 {[%clk 1:28:45]} d5
{[%clk 1:27:01]} 6. Bd3 {[%clk 1:28:24]} dxe4 {[%clk 1:26:32]} 7. Bxe4
{[%clk 1:28:31]} Bg4 {[%clk 1:23:52]} 8. h3 {[%clk 1:27:26]} Bxf3
{[%clk 1:22:27]} 9. Qxf3 {[%clk 1:26:45]} Qd7 {[%clk 1:19:38]} 10. O-O
{[%clk 1:25:55]} Bc5 {[%clk 1:17:52]} 11. Qg3 {[%clk 1:24:57]} f6
{[%clk 1:16:02]} 12. Bxc6 {[%clk 1:21:51]} bxc6 {[%clk 1:15:30]} 13. d3
{[%clk 1:21:19]} Rb8 {[%clk 1:14:44]} 14. b3 {[%clk 1:20:54]} O-O 15. Be3
{[%clk 1:18:23]} Bxe3 {[%clk 1:12:27]} 16. Qxe3 {[%clk 1:17:57]} Qd4
{[%clk 1:11:18]} 17. Qxd4 {[%clk 1:14:23]} exd4 {[%clk 1:11:35]} 18. Rfe1
{[%clk 1:14:21]} Rfe8 {[%clk 1:10:09]} 19. a4 {[%clk 1:11:39]} Kf7
{[%clk 1:08:34]} 20. Kf1 {[%clk 1:11:32]} Rbd8 {[%clk 1:07:41]} 21. Re2
{[%clk 1:10:02]} Rxe2 {[%clk 1:07:45]} 22. Kxe2 {[%clk 1:10:18]} Rd5
{[%clk 1:07:24]} 23. c4 {[%clk 1:08:01]} dxc3 24. Rc1 {[%clk 1:06:40]} Rc5
{[%clk 1:06:52]} 25. d4 {[%clk 1:06:29]} Rd5 {[%clk 1:06:12]} 26. Rxc3
{[%clk 1:06:23]} Rxd4 {[%clk 1:06:04]} 27. Rxc6 {[%clk 1:06:27]} Rd7
{[%clk 1:05:46]} 28. Ra6 {[%clk 1:06:04]} c5 {[%clk 1:05:08]} 29. Ra5
{[%clk 1:05:48]} Rc7 {[%clk 1:04:41]} 30. Kd3 {[%clk 1:05:54]} Ke6
{[%clk 1:03:42]} 31. Kc4 {[%clk 1:05:57]} Ke5 {[%clk 1:03:23]} 32. Rxc5+
{[%clk 1:06:02]} Rxc5+ {[%clk 1:03:35]} 33. Kxc5 Ke6 34. b4 {[%clk 1:05:43]} Kd7
{[%clk 1:03:22]} 35. b5 {[%clk 1:05:54]} Kc7 {[%clk 1:03:41]} 36. a5
{[%clk 1:05:59]} g5 {[%clk 1:03:57]} 37. g4 {[%clk 1:05:51]} h6 {[%clk 1:04:16]}
38. f3 {[%clk 1:06:11]} a6 {[%clk 1:04:32]} 39. bxa6 {[%clk 1:06:02]} Kb8
{[%clk 1:04:52]} 40. Kb6 {[%clk 1:04:22]} 1-0

[Event "MSR2018s4"]
[Site "?"]
[Date "2018.04.27"]
[Round "9.17"]
[White "Earle, Dominic James"]
[Black "Oruzinsky, Juraj"]
[Result "1-0"]
[BlackElo "1000"]
[WhiteElo "1273"]
[LiveChessVersion "1.4.8"]

1. d4 {[%clk 1:30:59]} d5 {[%clk 1:30:59]} 2. c4 {[%clk 1:31:23]} dxc4
{[%clk 1:31:10]} 3. e4 {[%clk 1:31:41]} Nf6 {[%clk 1:31:17]} 4. e5
{[%clk 1:31:16]} Nd5 {[%clk 1:31:17]} 5. Bxc4 {[%clk 1:31:38]} Bf5
{[%clk 1:31:13]} 6. Qf3 {[%clk 1:23:45]} e6 {[%clk 1:31:18]} 7. Ne2
{[%clk 1:22:08]} Nc6 {[%clk 1:30:28]} 8. Bb5 {[%clk 1:20:06]} a6 {[%clk 1:30:23]}
9. Bxc6+ {[%clk 1:20:12]} bxc6 {[%clk 1:30:43]} 10. Nbc3 {[%clk 1:20:09]} Bb4
{[%clk 1:30:19]} 11. Bd2 {[%clk 1:20:03]} O-O {[%clk 1:30:17]} 12. O-O
{[%clk 1:19:44]} Bxc3 {[%clk 1:30:30]} 13. bxc3 {[%clk 1:19:30]} Rb8
{[%clk 1:30:41]} 14. Ng3 {[%clk 1:15:39]} Rb2 {[%clk 1:29:50]} 15. Rfd1
{[%clk 1:14:13]} Ne7 {[%clk 1:28:53]} 16. Bg5 {[%clk 1:08:25]} h6
{[%clk 1:28:22]} 17. Bxe7 {[%clk 1:08:08]} Qxe7 {[%clk 1:28:51]} 18. Nxf5
{[%clk 1:08:11]} exf5 {[%clk 1:29:19]} 19. Qxf5 {[%clk 1:08:27]} Qe6
{[%clk 1:28:45]} 20. Qxe6 {[%clk 1:05:14]} fxe6 {[%clk 1:29:14]} 21. f3
{[%clk 1:05:19]} Rf5 {[%clk 1:29:06]} 22. Rf1 {[%clk 1:00:44]} Rg5
{[%clk 1:29:04]} 23. Rf2 {[%clk 1:01:07]} Rb5 {[%clk 1:28:33]} 24. g4
{[%clk 0:59:46]} c5 {[%clk 1:28:29]} 25. Rc2 {[%clk 0:55:48]} h5 {[%clk 1:28:31]}
26. h4 {[%clk 0:56:09]} Rg6 {[%clk 1:25:54]} 27. g5 {[%clk 0:56:37]} cxd4
{[%clk 1:24:39]} 28. cxd4 {[%clk 0:57:05]} Rd5 {[%clk 1:23:02]} 29. Rd1
{[%clk 0:57:02]} Rd7 {[%clk 1:21:53]} 30. Kf2 {[%clk 0:56:08]} a5
{[%clk 1:21:12]} 31. a4 {[%clk 0:56:17]} Kf7 {[%clk 1:20:45]} 32. Rc5
{[%clk 0:56:30]} Rxg5 {[%clk 1:19:53]} 33. hxg5 {[%clk 0:56:50]} Kg6
{[%clk 1:19:51]} 34. f4 {[%clk 0:57:02]} Kf5 {[%clk 1:18:56]} 35. Kf3
{[%clk 0:56:53]} g6 {[%clk 1:17:54]} 36. Rxa5 {[%clk 0:56:35]} h4
{[%clk 1:17:36]} 37. Ra8 {[%clk 0:56:15]} Rf7 {[%clk 1:16:32]} 38. Rh1
{[%clk 0:56:29]} h3 {[%clk 1:15:50]} 39. Rxh3 {[%clk 0:56:46]} c6
{[%clk 1:15:35]} 40. Rh7 {[%clk 0:56:44]} Rf6 {[%clk 1:15:28]} 41. gxf6
{[%clk 0:56:39]} c5 {[%clk 1:15:15]} 42. f7 {[%clk 0:56:50]} g5 {[%clk 1:14:14]}
43. f8=Q+ {[%clk 0:57:11]} 1-0

[Event "MSR2018s4"]
[Site "?"]
[Date "2018.04.27"]
[Round "9.18"]
[White "Vargosko, Juraj"]
[Black "Elias, David"]
[Result "1/2-1/2"]
[BlackElo "1608"]
[WhiteElo "1504"]
[LiveChessVersion "1.4.8"]

1. d4 {[%clk 1:30:58]} Nf6 {[%clk 1:29:49]} 2. c4 {[%clk 1:31:12]} g6
{[%clk 1:29:40]} 3. Nf3 {[%clk 1:30:35]} Bg7 {[%clk 1:29:54]} 4. Bf4
{[%clk 1:29:57]} d6 {[%clk 1:29:52]} 5. Nc3 {[%clk 1:29:47]} O-O {[%clk 1:29:37]}
6. e4 {[%clk 1:28:39]} Nbd7 {[%clk 1:29:23]} 7. Qd2 {[%clk 1:26:14]} c5
{[%clk 1:27:55]} 8. d5 {[%clk 1:25:10]} Ng4 {[%clk 1:26:26]} 9. h3
{[%clk 1:23:12]} Nge5 {[%clk 1:26:43]} 10. Nxe5 {[%clk 1:23:13]} Nxe5
{[%clk 1:27:03]} 11. Bh6 {[%clk 1:23:01]} f5 {[%clk 1:26:31]} 12. Bxg7
{[%clk 1:22:47]} Kxg7 {[%clk 1:25:24]} 13. f4 {[%clk 1:17:02]} Nf7
{[%clk 1:23:55]} 14. Bd3 {[%clk 1:16:33]} Nh6 {[%clk 1:23:14]} 15. O-O-O
{[%clk 1:14:09]} Bd7 {[%clk 1:21:56]} 16. Rde1 {[%clk 1:11:17]} a6
{[%clk 1:21:49]} 17. Qe3 {[%clk 1:10:17]} e6 {[%clk 1:20:42]} 18. exf5
{[%clk 1:08:42]} Nxf5 {[%clk 1:19:11]} 19. Bxf5 {[%clk 1:08:50]} exf5
{[%clk 1:19:28]} 20. Qe7+ {[%clk 1:08:37]} Qxe7 {[%clk 1:18:57]} 21. Rxe7+
{[%clk 1:08:48]} Rf7 {[%clk 1:19:20]} 22. Rhe1 {[%clk 1:08:52]} Kf6
{[%clk 1:17:47]} 23. Rxf7+ {[%clk 1:07:15]} Kxf7 {[%clk 1:18:08]} 24. Rh1
{[%clk 1:06:07]} b5 {[%clk 1:18:03]} 25. b3 {[%clk 1:05:34]} b4 {[%clk 1:17:26]}
26. Ne2 {[%clk 1:04:33]} a5 {[%clk 1:17:23]} 27. Kc2 {[%clk 1:01:34]} Re8
{[%clk 1:16:06]} 28. Kd3 {[%clk 1:00:33]} a4 {[%clk 1:15:20]} 29. Rb1 a3 30. h4
{[%clk 0:53:34]} h6 {[%clk 1:15:16]} 31. Rh1 {[%clk 0:52:26]} Re4
{[%clk 1:10:57]} 32. g3 {[%clk 0:50:18]} Kf6 {[%clk 1:06:09]} 1/2-1/2

[Event "MSR2018s4"]
[Site "?"]
[Date "2018.04.27"]
[Round "9.19"]
[White "Cerven, Samuel"]
[Black "Visvader, Kristof"]
[Result "1-0"]
[BlackElo "1252"]
[WhiteElo "1270"]
[LiveChessVersion "1.4.8"]

1. e4 {[%clk 1:30:59]} e5 {[%clk 1:30:59]} 2. Nf3 {[%clk 1:31:21]} Nc6
{[%clk 1:31:22]} 3. d4 {[%clk 1:31:46]} exd4 {[%clk 1:31:47]} 4. Bc4
{[%clk 1:32:12]} Nf6 {[%clk 1:30:26]} 5. O-O {[%clk 1:32:36]} Bc5
{[%clk 1:28:18]} 6. e5 {[%clk 1:32:49]} d5 {[%clk 1:16:47]} 7. exd6
{[%clk 1:32:55]} Qxd6 {[%clk 1:16:39]} 8. Re1+ {[%clk 1:32:57]} Be6
{[%clk 1:12:15]} 9. Bxe6 {[%clk 1:32:54]} fxe6 {[%clk 1:11:51]} 10. Nbd2
{[%clk 1:29:25]} O-O-O {[%clk 1:08:55]} 11. Nc4 {[%clk 1:29:27]} Qe7
{[%clk 1:06:34]} 12. Nce5 {[%clk 1:29:01]} Nxe5 {[%clk 1:06:40]} 13. Nxe5
{[%clk 1:29:25]} Nd7 {[%clk 0:59:47]} 14. Nxd7 {[%clk 1:29:29]} Rxd7
{[%clk 1:00:08]} 15. Bd2 {[%clk 1:29:50]} Qf6 {[%clk 0:59:34]} 16. b4
{[%clk 1:29:52]} Bb6 {[%clk 0:59:19]} 17. a4 {[%clk 1:30:10]} d3 {[%clk 0:59:05]}
18. Rf1 {[%clk 1:30:18]} Rhd8 {[%clk 0:57:32]} 19. c3 {[%clk 1:30:06]} c6
{[%clk 0:55:41]} 20. c4 {[%clk 1:30:06]} Bc7 {[%clk 0:53:33]} 21. b5
{[%clk 1:30:10]} Qe5 {[%clk 0:52:24]} 22. g3 {[%clk 1:29:55]} c5 {[%clk 0:49:09]}
23. a5 {[%clk 1:30:09]} Bb8 {[%clk 0:48:12]} 24. b6 {[%clk 1:28:44]} a6
{[%clk 0:48:15]} 25. Ra3 {[%clk 1:26:33]} Qe2 {[%clk 0:45:47]} 26. Qc1
{[%clk 1:26:17]} h5 {[%clk 0:45:21]} 27. Re1 {[%clk 1:25:10]} Qf3
{[%clk 0:45:27]} 28. Rxe6 {[%clk 1:24:41]} h4 {[%clk 0:45:34]} 29. Re3
{[%clk 1:24:39]} Qg4 {[%clk 0:45:23]} 30. Qf1 {[%clk 1:24:07]} hxg3
{[%clk 0:45:41]} 31. fxg3 {[%clk 1:23:54]} Qxc4 {[%clk 0:44:16]} 32. Rc3
{[%clk 1:24:05]} Qb5 {[%clk 0:39:02]} 33. Qf5 {[%clk 1:23:11]} Qb1+
{[%clk 0:36:03]} 34. Rc1 {[%clk 1:23:32]} g6 {[%clk 0:25:04]} 35. Qxg6
{[%clk 1:22:29]} Qb5 {[%clk 0:24:17]} 36. Qf5 {[%clk 1:22:20]} Bd6
{[%clk 0:23:56]} 37. Rxd3 {[%clk 1:18:59]} Kb8 {[%clk 0:23:46]} 38. Rxd6
{[%clk 1:14:00]} Rxd6 {[%clk 0:23:34]} 39. Bf4 {[%clk 1:14:03]} 1-0

[Event "MSR2018s4"]
[Site "?"]
[Date "2018.04.27"]
[Round "9.20"]
[White "Cizmar, Tomas"]
[Black "Paholok, Adam"]
[Result "1-0"]
[BlackElo "1535"]
[WhiteElo "1447"]
[LiveChessVersion "1.4.8"]

1. d4 {[%clk 1:30:59]} d5 {[%clk 1:30:53]} 2. c4 {[%clk 1:31:05]} e6
{[%clk 1:30:57]} 3. Nc3 {[%clk 1:31:02]} Nf6 {[%clk 1:31:06]} 4. a3
{[%clk 1:30:26]} b6 {[%clk 1:31:14]} 5. Bf4 {[%clk 1:30:17]} Bd6 {[%clk 1:30:31]}
6. Bxd6 {[%clk 1:29:58]} Qxd6 {[%clk 1:29:01]} 7. e3 {[%clk 1:29:32]} O-O
{[%clk 1:28:48]} 8. Nf3 {[%clk 1:29:58]} Bb7 {[%clk 1:28:45]} 9. Bd3
{[%clk 1:29:13]} Nc6 {[%clk 1:28:55]} 10. O-O {[%clk 1:29:00]} g6
{[%clk 1:29:15]} 11. Rb1 {[%clk 1:28:20]} Rfd8 {[%clk 1:27:23]} 12. Nb5
{[%clk 1:28:16]} Qd7 {[%clk 1:26:42]} 13. Qe2 {[%clk 1:26:54]} a6
{[%clk 1:25:57]} 14. Nc3 {[%clk 1:26:57]} Qd6 {[%clk 1:23:30]} 15. b4
{[%clk 1:26:25]} dxc4 {[%clk 1:22:36]} 16. Bxc4 {[%clk 1:26:32]} b5
{[%clk 1:22:12]} 17. Ba2 {[%clk 1:26:08]} Rd7 {[%clk 1:21:09]} 18. Rfd1
{[%clk 1:25:52]} Qe7 {[%clk 1:20:58]} 19. e4 {[%clk 1:25:12]} Rad8
{[%clk 1:20:46]} 20. d5 {[%clk 1:24:31]} exd5 {[%clk 1:19:22]} 21. exd5
{[%clk 1:23:46]} Qxe2 {[%clk 1:18:50]} 22. Nxe2 {[%clk 1:24:04]} Nxd5
{[%clk 1:19:08]} 23. Ng5 {[%clk 1:21:38]} h6 {[%clk 1:18:26]} 24. Ne4
{[%clk 1:21:30]} Kg7 {[%clk 1:16:06]} 25. Nc5 {[%clk 1:21:49]} Nf4
{[%clk 1:03:14]} 26. Rxd7 {[%clk 1:18:37]} Nxe2+ {[%clk 1:03:06]} 27. Kf1
{[%clk 1:18:54]} Nc3 {[%clk 1:01:53]} 28. Rxd8 {[%clk 1:18:15]} Nxd8
{[%clk 1:01:50]} 29. Rb2 {[%clk 1:17:49]} Bc8 {[%clk 1:00:44]} 30. Bb3
{[%clk 1:17:43]} Nc6 {[%clk 1:00:09]} 31. Rc2 {[%clk 1:17:29]} Nd1
{[%clk 0:59:35]} 32. Ne6+ {[%clk 1:17:15]} Bxe6 {[%clk 0:59:06]} 33. Bxe6
{[%clk 1:17:37]} Nd4 {[%clk 0:58:41]} 34. Rd2 {[%clk 1:17:38]} Nxe6
{[%clk 0:57:41]} 35. Rxd1 {[%clk 1:18:06]} Kf6 36. a4 c6 {[%clk 0:54:24]} 37.
axb5 {[%clk 1:18:50]} cxb5 {[%clk 0:51:54]} 38. Rd6 {[%clk 1:17:54]} Kg7
{[%clk 0:50:54]} 39. Rxa6 {[%clk 1:18:15]} Nc7 {[%clk 0:50:25]} 40. Ra7
{[%clk 1:18:13]} Nd5 {[%clk 0:50:01]} 41. Rb7 {[%clk 1:16:55]} Nxb4
{[%clk 0:49:51]} 42. Rxb5 {[%clk 1:17:01]} Nd3 {[%clk 0:49:05]} 43. Ke2
{[%clk 1:16:50]} Nf4+ {[%clk 0:49:09]} 44. Kf3 {[%clk 1:17:10]} Ne6
{[%clk 0:49:02]} 45. Kg4 {[%clk 1:16:37]} h5+ 46. Kh4 {[%clk 1:14:21]} Nd4
{[%clk 0:48:28]} 47. Rd5 {[%clk 1:14:08]} Nf5+ {[%clk 0:47:28]} 48. Rxf5
{[%clk 1:14:26]} gxf5 {[%clk 0:47:11]} 49. Kxh5 {[%clk 1:14:53]} f6
{[%clk 0:46:43]} 50. g4 fxg4 {[%clk 0:45:34]} 51. Kxg4 {[%clk 1:14:48]} Kg6
{[%clk 0:45:47]} 52. h4 {[%clk 1:14:26]} Kf7 {[%clk 0:44:53]} 53. Kf5
{[%clk 1:14:38]} Kg7 {[%clk 0:43:58]} 54. h5 1-0